000 00748nam a22002297a 4500
003 UA-OsUOA
001 108410
007 ta
008 20141020b un ||||| |||| 00| 0 ukr d
100 _aРоманенко О.
700 _aЖурба О.
090 _a330(477)
_bР69
942 _cSA
040 _aUA-OsUOA
_bukr
_cUA-OsUOA
_dUA-OsUOA
245 _aВихід українських компаній на міжнародні фондові ринки: проблеми аудиту та шляхи їх розв'язання
300 _aС.88-98
955 _a0
041 _aukr
080 _a330(477)
773 0 _w108400
_tБанківська справа
_dК.
_d2014
_g6
650 7 _a330 Економіка взагалі
_2UDC
999 _c394842
_d394842